| 000 | 00538nam a2200193Ia 4500 | ||
|---|---|---|---|
| 003 | LK-CoDNM | ||
| 005 | 20240322133207.0 | ||
| 008 | 010623t1958 xxu||||| |||| 00| 1 sin d | ||
| 040 |
_aLK-CoDNM _dLK-CoDNM _eLK-CoDNM |
||
| 041 | _asin | ||
| 080 | _aකි1 | ||
| 100 | _aPeris,Dencil | ||
| 245 | _aමැදපෙරදිග ජාතික විප්ලවය | ||
| 246 | _aMeda Peradiga Jaathika Viplavaya | ||
| 260 |
_bGunasena _aColombo _c1958 |
||
| 300 |
_bDamaged _aviii,315p.,21 cm |
||
| 650 | _aMiddle-east | ||
| 942 | _cBK | ||
| 999 |
_c104794 _d104794 |
||